000 00255nam a2200109Ia 4500
008 190216s9999||||xx |||||||||||||| ||und||
100 _aVallathol
245 0 _aGrandhaviharam
260 _bPublishing Company Ltd
650 _aEssay Malayalam
942 _cBK
999 _c25132
_d25132